Matematika 1

Enregistré dans:
Détails bibliographiques
Auteurs principaux: Fabrici, Imrich, 1932-, Šabo, Michal (Auteur)
Format: Livre
Langue:slovaque
Publié: Bratislava Slovenská technická univerzita 1996
Édition:Dotl. 2. vyd.
Sujets:
Accès en ligne:Voir à l'OPAC
Tags: Ajouter un tag
Pas de tags, Soyez le premier à ajouter un tag!

MARC

LEADER 00000nam a22000001i 4500
005 20260127134253.0
008 090724s1996 SK a rp 000 slo d
020 |a 8022708739 
035 |a vtls009632111 
035 |a (SVKBBclas03)vtls000005857 
039 9 |a 201606281028  |b AUTHORITY  |c 201411141551  |d mschk03  |c 201009081010  |d msnk88  |y 200907242021  |z VLOAD 
040 |a SVKBB  |b slo  |c SVKBB  |d STUSCHK1  |e AACR2 
041 0 |a slo 
080 |a 51(075.8) 
090 |a C 38735-1 
100 1 |a Fabrici, Imrich,  |d 1932-  |9 294 
245 0 0 |a Matematika 1  |c Imrich Fabrici, Michal Šabo 
250 |a Dotl. 2. vyd. 
260 |a Bratislava  |b Slovenská technická univerzita  |c 1996 
300 |a 235 s.  |b Lit., obr.  |c 29 cm 
400 |a (Slovenská technická univerzita Bratislava  |b Chemickotechnologická fakulta) 
650 0 7 |a matematika  |v učebnice vysokoškolské. 
700 1 |a Šabo, Michal,  |e aut. 
910 |a SCHK95 
973 |a m 604832*D  |a m 604842 D  |a m 604843 D 
999 |c 8389  |d 8389